00493nam a2200145Ia 4500020001800000082002100018100002300039245003900062260004200101300001000143650006500153650003300218650003400251650006200285 a81-7054-315-0 a327.538073 SIN-; aSingh, Ashok Kumar 0aSaudi-US relations: the oil factor aNew DelhibClassical Publishingc2000 a197p. aUnited States - Foreign economic relations - Saudi Arabia -  aPetroleum - Economic aspects aOil industries - Saudi Arabia aSaudi Arabia - Foreign economic relations - United States